000
00282nam a22001097a 4500
082
_a
342.41066
_b
SMI
245
_a
DE Smith's Judicial Review /
_c
Edited by Ivan Hare and et all
260
_a
England:
_b
Thomson Reuters,
_c
2023.
300
_a
999 p.
563
_a
HB.
942
_2
ddc
_c
BK
999
_c
614081
_d
614081